<Le> rôle de la marque pays dans le contexte de la présentation de la Slovaquie a l'étranger diplomová práca

Guardado en:
Detalles Bibliográficos
Autor principal: Pálková, Denisa
Autor Corporativo: Ekonomická univerzita v Bratislave. Ústav medzinárodných programov
Otros Autores: Kita, Jaroslav
Formato: Libro
Lenguaje:francés
Publicado: Bratislava 2013
Etiquetas: Agregar Etiqueta
Sin Etiquetas, Sea el primero en etiquetar este registro!

MARC

LEADER 00000nbm a2200000 4500
001 0175982
005 20170314104627.8
041 0 |a fre 
044 |a SK 
245 1 0 |a <Le> rôle de la marque pays dans le contexte de la présentation de la Slovaquie a l'étranger  |b diplomová práca  |c Denisa Pálková ; školiteľ: Jaroslav Kita 
264 1 |a Bratislava  |c 2013 
300 |a 80 s. 
100 1 |a Pálková, Denisa 
700 1 |a Kita, Jaroslav 
710 2 |a Ekonomická univerzita v Bratislave. Ústav medzinárodných programov